| 000 | 00477nam a2200157 4500 | ||
|---|---|---|---|
| 001 | 136899 | ||
| 003 | ES-MaACL | ||
| 005 | 20230906195246.0 | ||
| 007 | t| | ||
| 008 | 070214s1944 sp r ||||1| spa d | ||
| 100 | 1 |
_aSainz Ramírez, José. _9101607 |
|
| 245 | 1 | 0 |
_aPrecios-oro y cambios internacionales / _cJosé Sainz Ramírez. |
| 260 |
_aMadrid : _b[s. n.], _c1944 ( _fGráf. Sánchez) |
||
| 300 |
_a66 p. ; _c25 cm + _e1 h. pleg. |
||
| 852 |
_aES-MaACL _j1839-F-22 _bR.20877 |
||
| 999 |
_c136899 _d136899 |
||